| 000 | 00827nam a2200181 a 4500 | ||
|---|---|---|---|
| 001 | 000007065 | ||
| 005 | 20200929154046.0 | ||
| 008 | 090904s1950 dr 000 0 spa d | ||
| 040 |
_aDO-SdBNP _bspa _cBNPHU |
||
| 110 | 2 |
_aRepública Dominicana. _b[Leyes, etc.] _911088 |
|
| 245 | 1 | 0 |
_aCódigo de comercio de la República Dominicana : _bleyes que lo modifican y completan / _cedición preparada por Francisco A. Hernández. |
| 260 |
_aCiudad Trujillo, República Dominicana : _bStella, _c1950. |
||
| 300 |
_a188 p. ; _c23 cm. |
||
| 500 | _aIncluye referencias bibliográficas y notas al pie de las páginas | ||
| 505 | 0 |
_aDel comercio en general -- _tDel comercio marítimo -- _tDe las quiebras y bancarrotas -- _tDe la jurisdicción comercial -- |
|
| 590 | _aInventariado, 2019/BT | ||
| 700 | 1 | 2 |
_aHernández, Francisco A., _eed. _919647 |
| 999 |
_c6848 _d6848 |
||